|
|
|
|
| LEADER |
02149nam a2200397 i 4500 |
| 001 |
38807 |
| 003 |
BD-DhAAL |
| 005 |
20220606164240.0 |
| 008 |
220606t2017 at b 001 0 eng d |
| 999 |
|
|
|c 44285
|d 44285
|
| 010 |
|
|
|a 2016941569
|
| 020 |
|
|
|a 9789386668059
|
| 020 |
|
|
|a 938666805X
|
| 020 |
|
|
|a 9781305505797
|
| 040 |
|
|
|a DLC
|b eng
|e rda
|c DLC
|d DLC
|d BD-DhAAL
|
| 042 |
|
|
|a pcc
|
| 050 |
0 |
0 |
|a HB172
|b .N49 2017
|
| 082 |
0 |
0 |
|a 338.5
|2 23
|
| 100 |
1 |
|
|a Nicholson, Walter,
|e author.
|9 49036
|
| 245 |
1 |
0 |
|a Microeconomic theory :
|b basic principles and extensions /
|c Walter Nicholson, Amherst College, Christopher Snyder, Dartmouth College.
|
| 250 |
|
|
|a Twelfth edition.
|
| 264 |
|
1 |
|a Australia ;
|a Boston, MA :
|b Cengage Learning,
|c c2017.
|
| 300 |
|
|
|a xxi, 761 pages ;
|c 26 cm.
|
| 504 |
|
|
|a Includes bibliographical references and index.
|
| 526 |
|
|
|a ESS
|
| 541 |
|
|
|a Trim Education
|e 38807, 38808, 38809, 38810, 38811
|
| 650 |
|
0 |
|a Microeconomics.
|9 49037
|
| 650 |
|
0 |
|a Economics.
|9 49038
|
| 700 |
1 |
|
|a Snyder, Christopher
|q (Christopher Mark),
|e author.
|9 49039
|
| 852 |
|
|
|a Ayesha Abed Library
|c General Stacks
|
| 942 |
|
|
|2 ddc
|c BK
|
| 952 |
|
|
|0 0
|1 0
|2 ddc
|4 0
|6 338_500000000000000_NIC
|7 0
|9 70748
|a BRACUL
|b BRACUL
|c GEN
|d 2022-05-31
|e Trim Education
|g 775.00
|l 9
|m 100
|o 338.5 NIC
|p 3010038811
|r 2026-01-15
|s 2025-10-28
|t 5
|v 775.00
|w 2022-05-31
|y BK
|
| 952 |
|
|
|0 0
|1 0
|2 ddc
|4 0
|6 338_500000000000000_NIC
|7 0
|9 70749
|a BRACUL
|b BRACUL
|c GEN
|d 2022-05-31
|e Trim Education
|g 775.00
|l 11
|m 53
|o 338.5 NIC
|p 3010038810
|r 2026-05-15
|s 2026-04-12
|t 4
|v 775.00
|w 2022-05-31
|y BK
|
| 952 |
|
|
|0 0
|1 0
|2 ddc
|4 0
|6 338_500000000000000_NIC
|7 0
|9 70750
|a BRACUL
|b BRACUL
|c GEN
|d 2022-05-31
|e Trim Education
|g 775.00
|l 5
|m 66
|o 338.5 NIC
|p 3010038808
|r 2026-05-17
|s 2026-02-03
|t 2
|v 775.00
|w 2022-05-31
|y BK
|
| 952 |
|
|
|0 0
|1 0
|2 ddc
|4 0
|6 338_500000000000000_NIC
|7 0
|9 70751
|a BRACUL
|b BRACUL
|c GEN
|d 2022-05-31
|e Trim Education
|g 775.00
|l 10
|m 98
|o 338.5 NIC
|p 3010038809
|r 2026-05-20
|s 2026-03-02
|t 3
|v 775.00
|w 2022-05-31
|y BK
|
| 952 |
|
|
|0 0
|1 0
|2 ddc
|4 0
|6 338_500000000000000_NIC
|7 0
|9 70752
|a BRACUL
|b BRACUL
|c GEN
|d 2022-05-31
|e Trim Education
|g 775.00
|l 8
|m 120
|o 338.5 NIC
|p 3010038807
|r 2026-05-21
|s 2026-02-02
|t 1
|v 775.00
|w 2022-05-31
|y BK
|